| 000 | 00951nam a2200253Ia 4500 | ||
|---|---|---|---|
| 003 | OSt | ||
| 005 | 20220923220222.0 | ||
| 006 | a|||||r|||| 00| 0 | ||
| 007 | ta | ||
| 008 | 220922b |||||||| |||| 00| 0 hin d | ||
| 024 | _a185,166 | ||
| 037 | _cTextual | ||
| 040 |
_aARTS _cARTS _bhin |
||
| 041 |
_2hin _ahin |
||
| 082 | _aO152,1N112:g, M4 | ||
| 100 |
_aतिवारी, बालेन्दु शेखर, संपा. _9164050 |
||
| 245 | 0 |
_aवचनदेव कुमार _b अर्धशती मूल्यांकन |
|
| 246 | _aVachanadev kumāra: ardhashatī mūlyāankana | ||
| 260 |
_aराची _b गं्रथ प्रतिष्ठान _c1984 |
||
| 300 |
_a218 पृ. _ccm. |
||
| 650 |
_aहिन्दी साहित्य _9156264 |
||
| 942 |
_hO152,1N112:g, M4 _cTEXL _2CC |
||
| 999 |
_c338412 _d338412 |
||